Vplyv stresu na osobnosť školského manažéra - riaditeľa školy
V príspevku analyzujeme vplyv stresu na osobnosť riaditeľa školy v rôznych krízových situáciách a v súčasných podmienkach moderného školstva. Prezentujeme charakteristiku osobnej záťaže manažéra, rôzne spôsoby zvládania stresu a záťaže v manažérskej pracovnej činnosti, pričom efektívne zvládanie str...
Na minha lista:
| Autor principal: | |
|---|---|
| Formato: | Capítulo de Livro |
| Idioma: | eslovaco |
| Assuntos: | |
| Tags: |
Sem tags, seja o primeiro a adicionar uma tag!
|
MARC
| LEADER | 00000naa a2200000 4500 | ||
|---|---|---|---|
| 001 | 0295498 | ||
| 005 | 20240417075242.6 | ||
| 041 | 0 | |a slo | |
| 044 | |a SK | ||
| 245 | 1 | 0 | |a Vplyv stresu na osobnosť školského manažéra - riaditeľa školy |c Michal Pankevič |
| 520 | |a V príspevku analyzujeme vplyv stresu na osobnosť riaditeľa školy v rôznych krízových situáciách a v súčasných podmienkach moderného školstva. Prezentujeme charakteristiku osobnej záťaže manažéra, rôzne spôsoby zvládania stresu a záťaže v manažérskej pracovnej činnosti, pričom efektívne zvládanie stresu prezentujeme pomocou etáp vyrovnávania sa s náročnou situáciou. | ||
| 610 | 2 | 0 | |a stresy |
| 610 | 2 | 0 | |a zdroje ľudské |
| 610 | 2 | 0 | |a manažéri |
| 610 | 2 | 0 | |a školstvo |
| 610 | 2 | 0 | |a zaťaženie pracovné |
| 100 | 1 | |a Pankevič, Michal | |